000 00625nam a2200241Ia 4500
003 OSt
005 20220918214440.0
006 a|||||r|||| 00| 0
007 ta
008 220917b |||||||| |||| 00| 0 eng d
024 _a137,588
037 _cTextual
040 _aARTS
_cARTS
_beng
041 _2eng
_aeng
082 _aXM55:515-8, L1
100 _aBolt Gordon J
_9131417
245 0 _aMarket and sales forecasting a total approach
260 _c1971
490 _aMarketing text series
650 _aECONOMICS
942 _hXM55:515-8, L1
_cTEXL
_2CC
999 _c260668
_d260668